Bulletin

Na minha lista:
Detalhes bibliográficos
Formato: Periódico
Idioma:eslovaco
Publicado em: Bratislava Štatistický úrad Slovenskej republiky 1998
Assuntos:
Tags: Adicionar Tag
Sem tags, seja o primeiro a adicionar uma tag!

MARC

LEADER 00000nas2a2200000 4500
001 s122148
005 20221220130629.1
041 0 |a slo 
044 |a SK 
245 1 0 |a Bulletin 
264 1 |a Bratislava  |b Štatistický úrad Slovenskej republiky  |c 1998 
300 |a 2 zv. 
773 0 |w eu_un_cat*s120005 
610 2 0 |a štatistika 
610 2 0 |a údaje štatistické 
610 2 0 |a porovnanie štatistické